000 00767nam a2200217 4500
001 116897
003 ES-MaACL
005 20250930063117.0
007 t|
008 061121s1915 sp r ||||1| spa d
080 _a616.6-003.7
100 1 _aPascual Ríos, Salvador,
_d1887-1938
_989396
245 1 4 _aLos cálculos del ureter
_b: tesis de doctorado /
_cSalvador Pascual y Ríos.
260 _aMadrid :
_b[s.n.],
_c1915 (
_fImp. de "Alrededor del Mundo")
300 _a63 p. :
_bil. ;
_c24 cm.
500 _aEn port.: Publicado en la Revista Clínica de Madrid.
594 _aPrecede al tít.: Facultad de Medicina de la Universidad Central.
650 0 4 _aCálculos urinarios.
_9135861
852 _aES-MaACL
_jT-1472-F-12
999 _c116897
_d116897